Empresas en crisis (Registro nro. 109)

Detalles MARC
000 -LEADER
fixed length control field 00897 a2200241 4500
001 - CONTROL NUMBER
control field 140
005 - DATE AND TIME OF LATEST TRANSACTION
control field 20260407155413.0
008 - FIXED-LENGTH DATA ELEMENTS--GENERAL INFORMATION
fixed length control field 260407a2006 arg spa d
003 - CONTROL NUMBER IDENTIFIER
control field AR-UNSa-BCEJYS
040 ## - CATALOGING SOURCE
Original cataloging agency AR-UNSa-BCEJYS
Language of cataloging spa
Transcribing agency AR-UNSa-BCEJYS
080 ## - UNIVERSAL DECIMAL CLASSIFICATION NUMBER
Universal Decimal Classification number 658.1
Common auxiliary subdivision Clases de empresas. Finanzas<br/>
020 ## - INTERNATIONAL STANDARD BOOK NUMBER
International Standard Book Number 978-987-1281-19-0
041 ## - LANGUAGE CODE
Language code of text/sound track or separate title spa
100 1# - MAIN ENTRY--PERSONAL NAME
Personal name Purita, Mirta Aída
245 10 - TITLE STATEMENT
Title Empresas en crisis
Name of part/section of a work instrumentos para alcanzar la competitividad
250 ## - EDITION STATEMENT
Edition statement 1a. ed
264 #1 - PRODUCTION, PUBLICATION, DISTRIBUTION, MANUFACTURE, AND COPYRIGHT NOTICE
Place of production, publication, distribution, manufacture Buenos Aires :
Name of producer, publisher, distributor, manufacturer CPCECABA
Date of production, publication, distribution, manufacture, or copyright notice 2006
300 ## - PHYSICAL DESCRIPTION
Extent 65 p.
Dimensions 22 cm
505 ## - FORMATTED CONTENTS NOTE
Formatted contents note 1.Qué es la crisis - 2.Qué es la competitividad - 3.Empresas en crisis - 4.Instrumentos
590 ## - LOCAL NOTE (RLIN)
Local note niveau_biblio:m niveau_hierar:0
856 41 - ELECTRONIC LOCATION AND ACCESS
Uniform Resource Identifier <a href="https://biblioeco.unsa.edu.ar/pmb/images/libros/Empresas en crisis. Instrumentos para alcanzar la competitividad-l117329.jpg">https://biblioeco.unsa.edu.ar/pmb/images/libros/Empresas en crisis. Instrumentos para alcanzar la competitividad-l117329.jpg</a>
Link text Imagen de portada
Electronic format type image/jpeg
942 ## - ADDED ENTRY ELEMENTS (KOHA)
Koha item type
Existencias
Withdrawn status Lost status Damaged status Not for loan Home library Current library Shelving location Date acquired Total checkouts Full call number Barcode Date last seen Price effective from Koha item type
        Biblioteca Prof. Eusebio Cleto del Rey Biblioteca Prof. Eusebio Cleto del Rey   07/04/2026   658.1 P985 L117329 07/04/2026 07/04/2026 Libro